<?xml version="1.0" encoding="UTF-8"?>
<record
    xmlns:xsi="http://www.w3.org/2001/XMLSchema-instance"
    xsi:schemaLocation="http://www.loc.gov/MARC21/slim http://www.loc.gov/standards/marcxml/schema/MARC21slim.xsd"
    xmlns="http://www.loc.gov/MARC21/slim">

  <leader>01782nam a2200313   4500</leader>
  <controlfield tag="001">400</controlfield>
  <controlfield tag="003">OSt</controlfield>
  <controlfield tag="005">20250414161917.0</controlfield>
  <controlfield tag="008">250414b        |||||||e |||| 00| 0 eng d</controlfield>
  <datafield tag="020" ind1=" " ind2=" ">
    <subfield code="a">9788565042703</subfield>
  </datafield>
  <datafield tag="040" ind1=" " ind2=" ">
    <subfield code="b">por</subfield>
  </datafield>
  <datafield tag="041" ind1=" " ind2=" ">
    <subfield code="h">ger</subfield>
    <subfield code="a">por</subfield>
  </datafield>
  <datafield tag="082" ind1=" " ind2=" ">
    <subfield code="a">150.195</subfield>
    <subfield code="b">F889e</subfield>
  </datafield>
  <datafield tag="100" ind1=" " ind2=" ">
    <subfield code="a">Freud, Sigmund</subfield>
    <subfield code="d">1856- 1939</subfield>
    <subfield code="9">845</subfield>
  </datafield>
  <datafield tag="240" ind1=" " ind2=" ">
    <subfield code="a">Sigmund Freud</subfield>
  </datafield>
  <datafield tag="245" ind1=" " ind2=" ">
    <subfield code="a">Sigmund Freud: </subfield>
    <subfield code="b">O Essencial da Psicologia  / </subfield>
    <subfield code="c">Freud, Sigmund ; </subfield>
  </datafield>
  <datafield tag="260" ind1=" " ind2=" ">
    <subfield code="b">Hunter Books</subfield>
    <subfield code="c">2016</subfield>
    <subfield code="a">S&#xE3;o Paulo</subfield>
  </datafield>
  <datafield tag="300" ind1=" " ind2=" ">
    <subfield code="a">166 p.</subfield>
  </datafield>
  <datafield tag="520" ind1=" " ind2=" ">
    <subfield code="a">Sigmund Freud &#xE9; uma das personalidades da hist&#xF3;ria da humanidade que, definitivamente, dispensa qualquer tipo de apresenta&#xE7;&#xE3;o. Seus estudos sobre o poder dos sonhos e do inconsciente desencadearam uma s&#xE9;rie de teorias &#x2013; aprofundadas e compartilhadas por in&#xFA;meros nomes importantes de diversas &#xE1;reas &#x2013; que revolucionaram a compreens&#xE3;o do homem sobre si mesmo e sobre as rela&#xE7;&#xF5;es que constr&#xF3;i na vida pessoal e profissional. Estes e outros temas, como a for&#xE7;a dos impulsos e desejos sexuais, s&#xE3;o discutidos neste livro, mostrando a influ&#xEA;ncia direta que as descobertas de Freud causaram nas Artes, na Medicina, no Direito, na Educa&#xE7;&#xE3;o, na Pol&#xED;tica e no pr&#xF3;prio autoconhecimento do ser humano enquanto agente protagonista da vida em sociedade. Este &#xE9; apenas o come&#xE7;o da (longa) trajet&#xF3;ria de Freud, uma das grandes personalidades do mundo moderno.

</subfield>
  </datafield>
  <datafield tag="650" ind1=" " ind2="0">
    <subfield code="a">Psicologia</subfield>
    <subfield code="9">831</subfield>
  </datafield>
  <datafield tag="650" ind1=" " ind2="0">
    <subfield code="a">Psican&#xE1;lise</subfield>
    <subfield code="9">839</subfield>
  </datafield>
  <datafield tag="650" ind1=" " ind2="0">
    <subfield code="a">Autoconhecimento &#x2013; Filosofia e psicologia</subfield>
    <subfield code="9">855</subfield>
  </datafield>
  <datafield tag="650" ind1=" " ind2="0">
    <subfield code="a">Freud, Sigmund &#x2013; Teorias</subfield>
    <subfield code="9">840</subfield>
  </datafield>
  <datafield tag="650" ind1=" " ind2="0">
    <subfield code="a">Aplica&#xE7;&#xF5;es da Psicologia no Cotidiano</subfield>
    <subfield code="9">857</subfield>
  </datafield>
  <datafield tag="655" ind1=" " ind2="0">
    <subfield code="a">N&#xE3;o Fic&#xE7;&#xE3;o</subfield>
    <subfield code="9">102</subfield>
  </datafield>
  <datafield tag="655" ind1=" " ind2="0">
    <subfield code="a">T&#xE9;cnico-cient&#xED;fico</subfield>
    <subfield code="9">835</subfield>
  </datafield>
  <datafield tag="830" ind1=" " ind2=" ">
    <subfield code="a">O Essencial da Psicologia</subfield>
    <subfield code="9">853</subfield>
  </datafield>
  <datafield tag="942" ind1=" " ind2=" ">
    <subfield code="2">ddc</subfield>
    <subfield code="n">0</subfield>
    <subfield code="c">BK</subfield>
  </datafield>
  <datafield tag="952" ind1=" " ind2=" ">
    <subfield code="0">0</subfield>
    <subfield code="1">0</subfield>
    <subfield code="2">ddc</subfield>
    <subfield code="4">0</subfield>
    <subfield code="7">0</subfield>
    <subfield code="8">NFIC</subfield>
    <subfield code="a">BIBIB</subfield>
    <subfield code="b">BIBIB</subfield>
    <subfield code="c">PF</subfield>
    <subfield code="d">2025-04-14</subfield>
    <subfield code="e">doa&#xE7;&#xE3;o</subfield>
    <subfield code="l">0</subfield>
    <subfield code="o">150.195  / F889e</subfield>
    <subfield code="p">2025-17338</subfield>
    <subfield code="r">2025-04-14 13:37:41</subfield>
    <subfield code="w">2025-04-14</subfield>
    <subfield code="y">BK</subfield>
  </datafield>
  <datafield tag="999" ind1=" " ind2=" ">
    <subfield code="c">400</subfield>
    <subfield code="d">400</subfield>
  </datafield>
</record>
